000 00751nam a22002177a 4500
003 dpl
005 20230921110643.0
008 230306b ||||| |||| 00| 0 eng d
010 _aENG-136349
020 _a9788195302420
_c150.00
035 _aEN-119881
040 _c0
082 _a303.66
245 _aWomen And Peacebuilding:
_bPerspective from the field/
_cEdited By Meenal Tula and Kusumika Ghosh
260 _aGuwahati
_bNorth Eastern Social Research Centre
270 _aJagriti 2nd Floor,Arunodoi Path,GMCH Road,Christian Basti
_bGuwahati
_e781005
_mnesrcghy@gmail.com
300 _a186 p.
_c22hb
700 _aTula,Meenal
_eEditor
_957232
700 _aGhosh,Kusumika
_eEditor
_957233
942 _2ddc
_cEN
_h303.66
_mWOM
999 _c195205
_d195205